000 00224nam a2200097Ia 4500
008 240625s9999 xx 000 0 und d
041 _aeng
100 _aLINUX FOR YOU
245 _aLINUX FOR YOU DISTRO DHAMAKA
260 _c2008
999 _c34210
_d34210